000 00828nas a2200265 i 4500
001 1947
003 ES-MaACL
005 20250807062539.0
007 t|
008 950801d19321936sp m| | 1 ||pa d
080 _a460
245 0 0 _aRevista médica de Canarias /
_cdir. Tomás Cerviá Cabrera, Juan Bosch Millares.
260 _aTenerife :
_bLib. y Tip. Católica,
_c1932-1936.
300 _a4 v. :
_bgrab. ;
_c23 cm.
310 _aMensual
362 0 _aT. I (1932)-(1936)
650 1 7 _aMedicina
_2embne
_914891
700 1 _aCerviá, Tomás (
_d1902-1962)
_937660
700 1 _aBosch Millares, Juan,
_d1893-1983
_930662
780 0 0 _aPráctica médica
780 0 0 _aAnales canarios de medicina y cirugía
852 _aES-MaACL
_jHEM-H-33
_xhem-1092
_d
866 0 _o1932-34(1935f.dic.)(1936)
999 _c1947
_d1947